书目信息 |
| 题名: |
汪伪特工杀人狂李士群
|
|
| 作者: | 刘红娟 编著 | |
| 分册: | ||
| 出版信息: | 北京 团结出版社 2000 |
|
| 页数: | 436页 | |
| 开本: | 20cm | |
| 丛书名: | 民国特务四枭 | |
| 单 册: | ||
| 中图分类: | I247.53 , K827=6 | |
| 科图分类: | ||
| 主题词: | 传记小说--中国--现代 , 传记小说 | |
| 电子资源: | ||
| ISBN: | 7-80130-437-3 | |
| 000 | 00805oam2 2200277 450 | |
| 001 | 1236782640 | |
| 005 | 20121013101412.37 | |
| 010 | @a7-80130-437-3@dCNY26.00 | |
| 100 | @a20060408d2000 em y0chiy0110 ea | |
| 101 | 0 | @achi |
| 102 | @aCN@b110000 | |
| 105 | @aa z 000yd | |
| 200 | 1 | @a汪伪特工杀人狂李士群@AWang Wei Te Gong Sha Ren Kuang Li Shi Qun@f刘红娟编著@FLiu Hong Juan Bian Zhu |
| 210 | @a北京@c团结出版社@d2000 | |
| 215 | @a436页@c照片@d20cm | |
| 225 | 2 | @a民国特务四枭 |
| 461 | 0 | @12001 @a民国特务四枭 |
| 600 | 0 | @a李士群@f1905~@j生平事迹 |
| 600 | 0 | @a李士群@f1905~ |
| 606 | 0 | @a传记小说@y中国@z现代 |
| 606 | 0 | @a传记小说 |
| 690 | @aI247.53@v4 | |
| 690 | @aK827=6@v4 | |
| 701 | 0 | @a刘红娟@ALiu Hong Juan@4编著 |
| 801 | 0 | @aCN@bNLC@c20101222 |
| 905 | @a10447@dI247.53@eJY76 | |
| 汪伪特工杀人狂李士群/刘红娟编著.-北京:团结出版社,2000 |
| 436页:照片;20cm.-(民国特务四枭) |
| ISBN 7-80130-437-3:CNY26.00 |
| ● |
| 相关链接 |
|
|
|
|
正题名:汪伪特工杀人狂李士群
索取号:I247.53/JY76
 
预约/预借
| 序号 | 登录号 | 条形码 | 馆藏地/架位号 | 状态 | 备注 |
| 1 | 7817005 | 278170051 | 学院路分馆/ [索取号:I247.53/JY76] | 在馆 | |
| 2 | 7817006 | 278170060 | 学院路分馆/ [索取号:I247.53/JY76] | 在馆 |